Medical and anatomical models from limbs & things (Record no. 62804)

MARC details
000 -LEADER
fixed length control field 00353nam a2200133Ia 4500
100 ## - MAIN ENTRY--AUTHOR NAME
Personal name Reader Gail
245 #0 - TITLE STATEMENT
Title Medical and anatomical models from limbs & things
260 ## - PUBLICATION, DISTRIBUTION, ETC. (IMPRINT)
Name of publisher Rubber Developments
Year of publication 1996
300 ## - PHYSICAL DESCRIPTION
Number of Pages 10-Jul
650 ## - SUBJECT ADDED ENTRY--TOPICAL TERM
Topical Term Medical goods
650 ## - SUBJECT ADDED ENTRY--TOPICAL TERM
Topical Term Natural rubber latex
942 ## - ADDED ENTRY ELEMENTS (KOHA)
Koha item type Journals
Holdings
Withdrawn status Lost status Damaged status Not for loan Home library Current library Shelving location Date acquired Serial Enumeration / chronology Koha item type
      Journals RRII Library RRII Library Rubber chemistry 17/12/2021 Volume 49, Issue 02-Jan Journals